Philoloqica Scandinavica (Запись № 1188405)

Подробности
000 -МАРКЕР
контрольное поле 01300nam0a2200301 4500
001 - ИДЕНТИФИКАТОР ЗАПИСИ
контрольное поле RU\NLR\bibl\813156
005 - ИДЕНТИФИКАТОР ВЕРСИИ
контрольное поле 20250614133557.0
010 ## - МЕЖДУНАРОДНЫЙ СТАНДАРТНЫЙ НОМЕР КНИГИ (ISBN)
Номер (ISBN) 5-8465-0173-7
035 ## - ДРУГИЕ СИСТЕМНЫЕ НОМЕРА
Идентификатор записи (NLR Aleph) 000802208
100 ## - ДАННЫЕ ОБЩЕЙ ОБРАБОТКИ
Данные общей обработки 20050624d2003 |||y0rusy50 ca
101 0# - ЯЗЫК РЕСУРСА
Язык текста, звукозаписи и т.д. русский
102 ## - СТРАНА ПУБЛИКАЦИИ ИЛИ ПРОИЗВОДСТВА
Страна публикации Российская Федерация
105 ## - ПОЛЕ КОДИРОВАННЫХ ДАННЫХ: ТЕКСТОВЫЕ МАТЕРИАЛЫ, МОНОГРАФИЧЕСКИЕ
Кодированные данные о монографическом текстовом документе c |||||||||
200 1# - ЗАГЛАВИЕ И СВЕДЕНИЯ ОБ ОТВЕТСТВЕННОСТИ
Основное заглавие Philoloqica Scandinavica
Сведения, относящиеся к заглавию сборник статей к 100-летию со дня рождения М.И. Стеблин-Каменского
Первые сведения об ответственности [отв. ред. Б.С. Жаров]
210 ## - ПУБЛИКАЦИЯ, РАСПРОСТРАНЕНИЕ И ДР.
Место издания, распространения и т.д. Санкт-Петербург
Имя издателя, распространителя и т. д. Филологический факультет Санкт-Петербургского университета
Дата издания, распространения и т.д. 2003
215 ## - ФИЗИЧЕСКАЯ ХАРАКТЕРИСТИКА
Специфическое обозначение материала и объем 256,[1] с.
Другие сведения о физической характеристике портр.
Размеры 21
320 ## - ПРИМЕЧАНИЯ О НАЛИЧИИ В ДОКУМЕНТЕ БИБЛИОГРАФИИ / УКАЗАТЕЛЯ
Текст примечания Библиогр. в подстроч. прим.
600 #1 - ИМЯ ЛИЦА КАК ПРЕДМЕТ
Начальный элемент ввода Стеблин-Каменский
Часть имени, кроме начального элемента ввода М.И.
Даты 1903 - 1981
Расширение инициалов личного имени Михаил Иванович
Системный номер авторитетной/нормативной записи 2334626
Идентификатор авторитетной/нормативной записи RU\NLR\auth\661395873
606 1# - НАИМЕНОВАНИЕ ТЕМЫ КАК ПРЕДМЕТ
Наименование темы Скандинавская филология
Формальный подзаголовок Сборники
Системный номер авторитетной/нормативной записи 1426106
Идентификатор авторитетной/нормативной записи RU\NLR\auth\66291079
686 ## - ИНДЕКСЫ ДРУГИХ КЛАССИФИКАЦИЙ
Индекс Ш043.3я434
686 ## - ИНДЕКСЫ ДРУГИХ КЛАССИФИКАЦИЙ
Индекс Ш.г(2)7дСтеблин-Каменский
702 #1 - ИМЯ ЛИЦА - ВТОРИЧНАЯ ОТВЕТСТВЕННОСТЬ
Начальный элемент ввода Жаров
Часть имени, кроме начального элемента ввода Б. С.
Код отношения Редактор
801 #0 - ИСТОЧНИК ЗАПИСИ
Страна Российская Федерация
Организация NLR
Дата составления 20050624
Правила каталогизации rcr
801 #1 - ИСТОЧНИК ЗАПИСИ
Страна Российская Федерация
Организация NLR
Дата составления 20050624
942 ## - ДОПОЛНИТЕЛЬНЫЕ ЭЛЕМЕНТЫ ЗАПИСИ (АБИС)
Тип экземпляра АБИС Книга
980 ## - КОЛЛЕКЦИЯ
Название коллекции Национальная библиография
Экземпляры
Тип экземпляра Дата поступления Источник поступления Стоимость Библиотека постоянного хранения Библиотека текущего хранения Место хранения Шифр хранения Штрих-код Статус экземпляра
Книга 24.06.2005 Покупка 180.00 РНБ (Московский) РНБ (Московский) Русский книжный фонд: издания с 1957 года 2005-3/17071 1-2294919  
Книга 23.12.2005 Покупка 200.00 РНБ (Московский) РНБ (Московский) Фонд общего зала литературы по филологии, педагогике и искусству (гуманитарной литературы) Л1 Ш.я434/С-790-Ф 1-258529  
Книга 10.06.2006 Покупка СТ 200.00 РНБ (Московский) РНБ (Московский) Русский книжный фонд: издания с 1957 года 2005-3/17071 2211840  
Книга 23.12.2005 Покупка 180.00 РНБ (Садовая) РНБ (Садовая) Фонд научного зала литературы и искусства Л2 Ш/Ф-544 1-135512